| 000 | 01176nam0a22003251 4500 | ||
|---|---|---|---|
| 001 | RU\NLR\INFOCOMM_190\5000083931 | ||
| 005 | 20250810064135.0 | ||
| 035 | _a(NLR Aleph) 009382202 | ||
| 090 |
_a13288178 _c13288178 |
||
| 100 | _a20101229d1945 u y0rusy50 ca | ||
| 101 | 0 | _alit | |
| 102 | _aLT | ||
| 105 | _aa ||||000|y | ||
| 200 | 1 |
_aKaip atsirado žmogus _fM. Gremiackis |
|
| 205 | _a2 leidimas | ||
| 210 |
_aKaunas _cValstybine enciklopedijų, žodynų ir mok slo literatūros leidykla _d1945 |
||
| 215 |
_a168 с. _cил., портр., табл. _d20 см |
||
| 225 | 1 |
_aPažinkime visalą _v№ 3 |
|
| 300 | _aНа обороте тит. л.: М. Гремяцкий. Происхождение человека | ||
| 300 | _aНа литов. яз. | ||
| 606 |
_aЧеловек _xПроисхождение _2nlr_sh1 |
||
| 700 | 1 |
_9z01790 _aGremjackij _bM. A. _f1887- _gMichail Antonovič _4070 |
|
| 790 | 1 |
_9z01700 _aGremiackis _bM. _4070 |
|
| 801 | 1 |
_aRU _bNLR _c20101229 |
|
| 801 | 0 |
_aRU _bNLR _gPSBO |
|
| 852 |
_aNLR _jБл01 Г-3/11 _y2 экз. |
||
| 942 | _cBOOK | ||
| 945 | _aРоссийская национальная библиотека | ||
| 980 | _aBV | ||
| 980 | _aNB | ||